[Event "FRA-chT2 1011"]
[Site "France"]
[Date "2010.11.14"]
[Round "3.8"]
[White "Andelle, Sandrine"]
[Black "Chaumont, Adeline"]
[Result "0-1"]
[WhiteElo "1758"]
[BlackElo "2019"]
[PlyCount "148"]
[EventDate "2010.10.17"]
[EventType "team-tourn"]
[EventRounds "11"]
[EventCountry "FRA"]
[SourceTitle "EXT 2012"]
[Source "ChessBase"]
[SourceDate "2011.11.24"]
[SourceVersion "1"]
[SourceVersionDate "2011.11.24"]
[SourceQuality "1"]

1. e4 c6 2. d4 d5 3. exd5 cxd5 4. Nc3 Nf6 5. Nf3 e6 6. Be2 Nbd7 7. Bg5 Be7 8. 0-0 0-0 9. Re1 Ne4 10. Bxe7 Qxe7 11. Nxe4 dxe4 12. Nd2 f5 13. Bc4 Nb6 14. Bb3 Qd6 15. Nc4 Nxc4 16. Bxc4 Rd8 17. c3 Kh8 18. Re2 a6 19. a4 Qc6 20. Bb3 Qd6 21. Ra3 b6 22. Rd2 Bb7 23. Ba2 f4 24. Qg4 e5 25. Be6 Bc8 26. Bf5 Bxf5 27. Qxf5 e3 28. fxe3 fxe3 29. Rd3 exd4 30. Rxd4 Qe7 31. Ra1 Rxd4 32. cxd4 Rf8 33. Qd3 e2 34. Re1 Re8 35. Kf2 Qf6+ 36. Kg1 Rf8 37. Qxe2 Qxd4+ 38. Kh1 Qxa4 39. Qe7 Qf4 40. Qe2 a5 41. Kg1 Qd4+ 42. Kh1 h6 43. Rd1 Qc5 44. h3 b5 45. Rd2 b4 46. Rc2 Qd4 47. Rd2 Qf4 48. Rd1 a4 49. Qe7 b3 50. Rd8 Rxd8 51. Qxd8+ Kh7 52. Qd3+ Kg8 53. Qd5+ Kf8 54. Qd8+ Kf7 55. Qd5+ Ke7 56. Qc5+ Kf7 57. Qd5+ Kg6 58. Qd3+ Kg5 59. Qd5+ Kh4 60. g3+ Kxg3 61. Qg2+ Kh4 62. Qf2+ Kg5 63. Qg2+ Kf6 64. Qc6+ Kf7 65. Qd7+ Kg8 66. Qd8+ Qf8 67. Qd5+ Kh8 68. Qb5 Qf3+ 69. Kh2 Qf4+ 70. Kh1 Qc1+ 71. Kh2 Qxb2+ 72. Kg3 Qc3+ 73. Kg2 Qc2+ 74. Kg3 b2 0-1